| 000 | 00496nam a2200181Ia 4500 | ||
|---|---|---|---|
| 003 | OSt | ||
| 005 | 20250814141627.0 | ||
| 008 | 230411s9999 xx 000 0 und d | ||
| 020 | _a978-93-90619-54-2 | ||
| 041 | _aeng | ||
| 082 | _aSO/301/PRA/B09886 | ||
| 100 | _aPrakash P | ||
| 245 | _aTextbook of Applied Sociology and Psychology for BSc Nursing Students | ||
| 260 |
_bCBS Publishers & Distributors _aNew Delhi _c2022 |
||
| 300 | _a544p | ||
| 942 |
_2ddc _cBK |
||
| 999 |
_c158703 _d158703 |
||